01143cam a2200301 i 450000100090000000300060000900500170001500800410003201000170007302000380009004000280012804200080015605000230016408200210018710000530020824500640026125000220032526400730034730000230042033600260044333700280046933800270049750400410052463000310056563000250059670000400062177601800066119271598GBCCL20241126110714.0160912s2016 ilu b 000 0 eng  a 2016041775 a9780830844685 (pbk. : alk. paper) aDLCbengcDLCerdadDLC apcc00aBS600.3b.S67 201600a220.071223bSPR1 aSproul, R. C.q(Robert Charles),d1939-eauthor.10aKnowing scripture /cR.C. Sproul ; foreword by J.I. Packer. aExpanded edition. 1aDowners Grove :bIVP Books an imprint of InterVarsity Press,c[2016] a152 pages ;c20 cm atextbtxt2rdacontent aunmediatedbn2rdamedia avolumebnc2rdacarrier aIncludes bibliographical references.00aBiblexStudy and teaching.00aBiblexHermeneutics.1 aPacker, J. I.,ewriter of foreword.08iOnline version:aSproul, R. C. (Robert Charles), 1939- author.tKnowing ScripturebExpanded Edition.dDowners Grove : InterVarsity Press, 2016z9780830893294w(DLC) 2016044087